000 00891nam a2200265 i 4500
001 bg
003 KOSZ 005
005 20201104105359.0
008 071121s1967 pl f 001 0 pol
015 _aPB 1967/3781
040 _aWA N
_cKOSZ 005/RW
_dKOSZ 005/RW
080 _a301
100 1 _aSzczepański, Jan
_d(1913-2004)
_eAutor
245 1 0 _aSocjologia :
_brozwój problematyki i metod /
_cJan Szczepański.
250 _aWyd. 2.
260 _aWarszawa :
_bPaństwowe Wydawnictwo Naukowe,
_c1967.
300 _a414, [1] s. :
_berr. ;
_c25 cm.
380 _aKsiążki.
504 _aBibliogr. przy rozdz. Indeks.
655 4 _aPodręczniki akademickie
650 4 _aSocjologia
710 2 _aPaństwowe Wydawnictwo Naukowe
_4pbl.
856 _uhttp://koha.tu.koszalin.pl/cgi-bin/koha/opac-detail.pl?biblionumber=11207
_yKatalog online BPK
942 _2UKD
_cKS
999 _c11207
_d11207